Sanrio Characters (sudden death) - Statistics

General Stats
  • This quiz has been taken 42 times
  • The average score is 9 of 12
Answers on the Grid
Answers color-coded by a green-red scale on the quiz's grid according to % correct below.
Badtz-Maru
Charmmy Kitty
Chococat
Cinnamoroll
Dear Daniel
Hello Kitty
Keroppi
Kuromi
Little Twin Stars
Mimmy
Pochacco
Pompompurin
Memetchi
Mimitchi
Mallow Cat
Lovelin
 
Answer Stats
Answer % Correct
Little Twin Stars
88%
Pompompurin
88%
Hello Kitty
84%
Kuromi
84%
Pochacco
84%
Cinnamoroll
81%
Badtz-Maru
75%
Chococat
75%
Keroppi
75%
Dear Daniel
69%
Charmmy Kitty
63%
Mimmy
50%
No matching quizzes found
Score Distribution
Percent of People with Each Score
Percentile by Number Answered
Your Score History
You have not taken this quiz